000 00474nam a2200169Ia 4500
005 20250508163405.0
008 008 250505s9999 xx 000 0 eng d
037 _aTextual
040 _aFEDL
_beng
_cFEDL
041 _aeng
_2eng
084 _a371.77, GRE
_qFEDL
245 0 _aSafety precautions in schools
260 _aLondon, UK
_bHer Majesty's Stationery Office
_c1960
300 _aiv,59p
942 _cTEXL
_h371.77, GRE
999 _c1382769
_d1382769